Pobre el que no cambia de mirada: comunicación y pobreza

Salvato in:
Dettagli Bibliografici
Enti autori: Universidad Diego Portales (Autore), Hogar de Cristo (Autore), Fundación para la Superación de la Pobreza (Autore)
Natura: Libro
Lingua:spagnolo
Pubblicazione: Santiago Facultad de Comunicaciones Universidad Diego Portales 2004
Edizione:1a. ed
Soggetti:
Tags: Aggiungi Tag
Nessun Tag, puoi essere il primo ad aggiungerne!!

MARC

LEADER 00000nam a2200000 a 4500
001 UCK3512
003 CL-VaPUC
008 050429e20040000CL |||||||||||||||||spa|d
020 |a 956840600X 
082 0 4 |a 302.23  |b UNI  |2 21 
110 2 |a Universidad Diego Portales  |e author  |9 491571 
710 2 |a Hogar de Cristo  |e author  |9 491572 
710 2 |a Fundación para la Superación de la Pobreza  |e author  |9 491573 
245 1 0 |a Pobre el que no cambia de mirada: comunicación y pobreza 
250 |a 1a. ed 
300 |a 295 p 
942 |c BK 
945 |d 20050429 00:00:00  |a cmena 
260 |a Santiago  |b Facultad de Comunicaciones Universidad Diego Portales  |c 2004 
650 0 |a Medios de comunicación de masas  |9 257273 
650 0 |a Periodismo   |9 310113 
650 0 |a Sociología de la comunicación  |9 337679 
650 0 |a Problemas sociales  |9 258537 
650 0 |a Cambio social   |9 256857 
650 0 |a Influencia social  |9 309315 
650 0 |a Pobreza  |9 258652 
583 |a last modification  |c 20050429 00:00:00  |k Rodrigo Vera 
999 |c 312649  |d 312647 
952 |0 0  |1 0  |4 0  |6 302_230000000000000_UNI_2004  |7 0  |8 A  |9 383256  |a BIBCUR  |b BIBCUR  |d 2019-11-21  |i 4098846  |o 302.23 UNI 2004  |p 4098846  |r 2025-04-22  |w 2019-11-21  |y BK  |k PER 
952 |0 0  |1 0  |4 0  |6 302_230000000000000_UNI_2004  |7 0  |8 A  |9 383257  |a BIBEDU  |b BIBEDU  |d 2019-11-21  |i 4098854  |o 302.23 UNI 2004  |p 4098854  |r 2019-11-21  |w 2019-11-21  |y BK  |k EDU 
952 |0 0  |1 0  |4 0  |6 302_230000000000000_UNI_2004  |7 0  |8 A  |9 383258  |a BIBCUR  |b BIBCUR  |d 2019-11-21  |i 4095316  |o 302.23 UNI 2004  |p 4095316  |r 2025-04-22  |w 2019-11-21  |y BK  |k PER